| 000 | 00731nam a22001937a 4500 | ||
|---|---|---|---|
| 999 |
_c193592 _d193592 |
||
| 005 | 20221130110952.0 | ||
| 010 | _aENG-135619 | ||
| 020 |
_c540.00 _a9789354423055 |
||
| 035 | _aEN-119151 | ||
| 037 | _bDBAD/PUB | ||
| 082 | _a823.0108092 | ||
| 245 |
_aRelatively true: _bstories of truth, deception, post-truth from the indian subcontinent and australia _cedited by Meenakshi Bharat [and] Sharon Rundle |
||
| 260 |
_aTelangana _bOrient Blackswan Pvt. Ltd. _c2022 |
||
| 270 |
_a3-6-752 Himayatnagar, Hyderabad _bTelangana _e500029 _minfo@orientblackswan.com |
||
| 300 |
_axiii; 223p. _c22cm(pbk) |
||
| 700 |
_aBharat, Meenakshi _eEditor |
||
| 700 |
_aRundle, Sharon _eEditor |
||
| 942 |
_2ddc _cEN _mREL _h823.0108092 |
||